[Event "Prague ProMoPro op"]
[Site "Prague"]
[Date "2002.09.11"]
[Round "5.12"]
[White "Borik, Juraj"]
[Black "Kaiser, Rudolf"]
[Result "1-0"]
[WhiteElo "2124"]
[BlackElo "2054"]
[PlyCount "73"]
[EventDate "2002.09.07"]
[EventType "swiss"]
[EventRounds "9"]
[EventCountry "CZE"]
[SourceTitle "EXT 2003"]
[Source "ChessBase"]
[SourceDate "2002.11.25"]
[SourceVersion "1"]
[SourceVersionDate "2002.11.25"]
[SourceQuality "1"]

1. e4 e5 2. Nf3 Nf6 3. Nxe5 d6 4. Nf3 Nxe4 5. Nc3 Nxc3 6. dxc3 Be7 7. Be3 Nc6 8. Qd2 Bg4 9. Be2 Qd7 10. h3 Bf5 11. 0-0-0 a5 12. Bb5 a4 13. Nd4 Be6 14. Kb1 a3 15. b3 Bf6 16. f4 g6 17. c4 d5 18. cxd5 Bxd5 19. Nxc6 bxc6 20. Qxd5 Qxd5 21. Rxd5 cxb5 22. Bc5 Ra6 23. Rhd1 Re6 24. Bxa3 c6 25. R5d3 Be7 26. Bxe7 Kxe7 27. Kb2 Rb8 28. Rd7+ Kf6 29. R1d6 Rc8 30. g4 h6 31. h4 Rxd6 32. Rxd6+ Ke7 33. Rd2 Kf6 34. f5 h5 35. fxg6 hxg4 36. gxf7 Kf5 37. Rf2+ 1-0